000 00728nam a2200181Ia 4500
008 100917s9999 xx 000 0 und d
082 _b11917
100 _aदेवगिरीकर त्र्यंबक रघुनाथ
245 _aभारतीय स्वातंत्र्यांचा इतिहास
260 _bसमाज शिक्षणमाला
_c1972
300 _a56
365 _b1.5
520 _aबालविभाग
630 _aभारतीय स्वातंत्र्यांचा इतिहास
650 _aबालविभाग
730 _aभारतीय स्वातंत्र्यांचा इतिहास
942 _cBOOK
999 _c617311
_d617308